Financovanie malých a stredných podnikov z externých zdrojov bakalárska práca

Na minha lista:
Detalhes bibliográficos
Autor principal: Teplicová, Tímea
Autor Corporativo: Fakulta podnikového manažmentu EU. Katedra podnikových financií
Outros Autores: Polečová, Petra
Formato: Livro
Idioma:eslovaco
Publicado em: Bratislava 2020
Tags: Adicionar Tag
Sem tags, seja o primeiro a adicionar uma tag!

MARC

LEADER 00000nbm a2200000 4500
001 0265938
005 20201123111514.4
041 0 |a slo 
044 |a SK 
245 1 0 |a Financovanie malých a stredných podnikov z externých zdrojov  |b bakalárska práca  |c Tímea Teplicová ; školiteľ: Petra Polečová 
264 1 |a Bratislava  |c 2020 
300 |a 48 s. 
100 1 |a Teplicová, Tímea 
700 1 |a Polečová, Petra 
710 2 |a Fakulta podnikového manažmentu EU. Katedra podnikových financií